| 000 | 00781nam a2200265 a 4500 | ||
|---|---|---|---|
| 001 | 68128 | ||
| 003 | BD-RjUL | ||
| 005 | 20211209081732.0 | ||
| 008 | 060309s2005 enka 001 0 eng d | ||
| 035 | _a(BD-RjUL)68337 | ||
| 038 | _aOCoLC | ||
| 040 |
_aHKP _cHKP _dGZM _dBAKER _dBTCTA _dNLE _dBD-RjUL _beng |
||
| 041 | _aeng | ||
| 082 |
_223 _a511.322 _bLUS 2005 |
||
| 100 | 1 |
_aLuthar, I. S. _9201959 |
|
| 245 | 1 | 0 |
_aSets, functions and numbers / _cI.S. Luthar. |
| 260 |
_aOxford : _bAlpha Science International, _cc2005. |
||
| 300 |
_aix, 339 p. : _bill. ; _c25 cm. |
||
| 500 | _aIncludes index. | ||
| 650 | 0 |
_aSet theory. _9201960 |
|
| 650 | 0 |
_aNumbers, Natural. _9201961 |
|
| 650 | 0 |
_aNumbers, Real. _9201962 |
|
| 650 | 0 |
_aFunctions of real variables. _9153288 |
|
| 942 |
_2ddc _cBK |
||
| 999 |
_c68128 _d68128 |
||